| 000 | 01399nam a22003011ia4500 | ||
|---|---|---|---|
| 999 |
_c174387 _d174387 |
||
| 003 | OSt | ||
| 005 | 20190919154408.0 | ||
| 008 | 190919t20192019pauao||gr|||| 001 0 eng d | ||
| 020 |
_a9781422241943 _cRM 119.00 _qhardback |
||
| 040 |
_aPPAK _beng _cPPAK _erda |
||
| 082 | 0 | 4 |
_223 _a616 |
| 090 | 0 | 0 |
_a616 _bSHO _dRK |
| 100 | 1 |
_aShoals, James, _eauthor. |
|
| 245 | 0 | 0 |
_aDISEASES / _cJAMES SHOALS |
| 264 | 1 |
_aBroomall, Pennsylvania : _bMASON CREST , _c2019 |
|
| 264 | 4 | _c©2019 | |
| 300 |
_a80 pages : _bcolour illustrations, photographs ; _c24 cm. |
||
| 336 |
_2rdacontent _atext |
||
| 337 |
_2rdamedia _aunmediated |
||
| 338 |
_2rdacarrier _avolume |
||
| 490 | 1 | _aThe science of the human body | |
| 504 | _aIncludes bibliographical references and index. | ||
| 520 |
_a"Nobody likes to get sick! And yet, diseases are a constant source of fascination for us all. Whether it's the cold bug that kept you home from school or the genetic disease called hemophilia that sparked the Russian Revolution, human illnesses are an amazing and complex area of study. Diseases will introduce you to many ways in which the human body can malfunction, and also teach you about what doctors can do to fix it." _cProvided by publisher. |
||
| 650 | 1 | 0 |
_aDiseases _vJuvenile literature. |
| 800 | 1 |
_aShoals, James. _tScience of the human body. |
|
| 830 | 0 | _aThe science of the human body | |
| 942 |
_2ddc _cB |
||